Statystyki dla Wymień imię żeńskie, w którym ukryła się Anna.

Kliknij tutaj aby rozwiązać quiz!

Ogólne statystyki

  • Ten quiz został rozwiązany 61 razy
  • Średni wynik to 3 z 6

Statystyki odpowiedzi

Odpowiedź% Poprawnych
Joanna
93%
Marianna
67%
Hanna
55%
Zuzanna
44%
Adrianna
27%
Julianna
13%

Rozkład punktacji

Percentyl według liczby udzielonych odpowiedzi

Procent ludzi z każdym wynikiem

Twoja historia wyników

Nie rozwiązałeś tego quizu